Central Library OPAC University of Rajshahi

Theory of nuclear structure / (Record no. 9736)

MARC details
000 -LEADER
fixed length control field 00805pam a2200253 a 4500
001 - CONTROL NUMBER
control field 9736
003 - CONTROL NUMBER IDENTIFIER
rucl marc code BD-RjUL
005 - DATE AND TIME OF LATEST TRANSACTION
control field 20211208234828.0
008 - FIXED-LENGTH DATA ELEMENTS--GENERAL INFORMATION
fixed length control field 210114r19821981nyua b 001 0 eng
020 ## - INTERNATIONAL STANDARD BOOK NUMBER
International Standard Book Number 0442275242
035 ## - SYSTEM CONTROL NUMBER
System control number (BD-RjUL)
040 ## - CATALOGING SOURCE
Original cataloging agency DLC
Transcribing agency DLC
Modifying agency (BD-RjUL)
Language of cataloging eng
041 ## - LANGUAGE CODE
Language code of text/sound track or separate title eng
082 00 - DEWEY DECIMAL CLASSIFICATION NUMBER
Classification number 539.74
Edition number 19
Author mark and year PAT 1982
100 1# - MAIN ENTRY--PERSONAL NAME
Personal name Pal, M. K.
Fuller form of name (Manoj Kumar),
Dates associated with a name 1932-
9 (RLIN) 30101
245 10 - TITLE STATEMENT
Title Theory of nuclear structure /
Statement of responsibility, etc. M.K. Pal.
260 ## - PUBLICATION, DISTRIBUTION, ETC. (IMPRINT)
Place of publication, distribution, etc. New Delhi :
Name of publisher, distributor, etc. Affiliated East-West Press,
Date of publication, distribution, etc. c1982.
300 ## - PHYSICAL DESCRIPTION
Pagination x, 676 p. :
Illustrations ill. ;
Size 26 cm.
500 ## - GENERAL NOTE
General note Reprint. Originally published: New Delhi : Affiliated East-West Press, 1981.
504 ## - BIBLIOGRAPHY, ETC. NOTE
Bibliography, etc Includes bibliographical references and index.
650 #0 - SUBJECT ADDED ENTRY--TOPICAL TERM
Topical term or geographic name as entry element Nuclear structure.
9 (RLIN) 30102
942 ## - ADDED ENTRY ELEMENTS (KOHA)
Source of classification or shelving scheme Dewey Decimal Classification
Koha item type Books
Holdings
Lost status Source of classification or shelving scheme Damaged status Not for loan Collection code Permanent Location Current Location Shelving location Date acquired Source of acquisition Cost, normal purchase price Total Checkouts Full call number Date last seen Copy number Koha item type
  Dewey Decimal Classification     Non-fiction Central Library, University of Rajshahi Central Library, University of Rajshahi     Tulip 55.00   539.74 PAT 1982 21/01/2014 C-2 Books
  Dewey Decimal Classification   Not For Loan Non-fiction Central Library, University of Rajshahi Central Library, University of Rajshahi Reading Room 01/09/1985 Tulip 55.00   539.74 PAT 1982 11/05/2017 C-1 Books
  Dewey Decimal Classification     Non-fiction Central Library, University of Rajshahi Central Library, University of Rajshahi   01/09/1985 Tulip 55.00   539.74 PAT 1982 11/05/2017 C-3 Books
  Dewey Decimal Classification     Non-fiction Central Library, University of Rajshahi Central Library, University of Rajshahi   08/12/2021 karim International 55.00   539.74 PAT 1982 11/05/2017 C-4 Books